Govt. of
Madhya Pradesh

Normal view MARC view

Entry Topical Term

Number of records used in: 1

001 - CONTROL NUMBER

  • control field: 52531

003 - CONTROL NUMBER IDENTIFIER

  • control field: OSt

005 - DATE AND TIME OF LATEST TRANSACTION

  • control field: 20160416162933.0

008 - FIXED-LENGTH DATA ELEMENTS

  • fixed length control field: 160416|| aca||aabn | a|a d

040 ## - CATALOGING SOURCE

  • Original cataloging agency: OSt
  • Transcribing agency: OSt

150 ## - HEADING--TOPICAL TERM

  • Topical term or geographic name entry element: Prevention Of Disease

670 ## - SOURCE DATA FOUND

  • Source citation: Work cat.: (OSt)18750: भाटिया सुदर्शन 17524, प्राकृतिक चिकित्‍सा दारा स्‍वास्‍थ्‍य , 2005